Normal view
MARC view
Entry Meeting Name
001 - CONTROL NUMBER
- control field: 6293
003 - CONTROL NUMBER IDENTIFIER
- control field: OSt
005 - DATE AND TIME OF LATEST TRANSACTION
- control field: 20211105132748.0
008 - FIXED-LENGTH DATA ELEMENTS
- fixed length control field: 211105|| aca||aabn | a|a d
040 ## - CATALOGING SOURCE
- Original cataloging agency: OSt
- Transcribing agency: OSt
111 ## - HEADING--MEETING NAME
- Meeting name or jurisdiction name as entry element: Conference of International School of Physics "Enrico Fermi"
- Location of meeting: Italy
- Date of meeting or treaty signing: 1967 July 31 - Aug.19
670 ## - SOURCE DATA FOUND
- Source citation: Work cat.: (OSt): Conference of International School of Physics "Enrico Fermi" Italy 1967 July 31 - Aug.19, Quantum Optics, 1969